000 00945nam a2200301 i 4500
003 EG-GICUC
005 20260224042604.0
008 260224s1970 ua ||||fr|||| 00| 0 fre d
040 _aEG-GiCUC
_bfre
_cEG-GiCUC
_dEG-GiCUC
_eRda
041 _afre
082 0 4 _221
_a341.249
_bRA.V
092 0 4 _221
099 _aLaw1 11 341.294 RA.V 1970
100 1 _aRatib , Aisha
_eAuteur
245 _aVers La Creation D'une Commission Africaine Des Droits De L'homme /
_cAisha Ratib .
264 _aCairo :
_bCairo University ,
_c1970 .
300 _a31 page ;
_c 24 cm.
336 _2rda contenu
_a texte
337 _2rda medias
_aOrdinateur
338 _2 transporteur rda
_a Ressource en ligne
546 _aTexte en français
650 1 _aOrganisations africaines
650 1 _aDroit international public
651 1 _2qrmak
856 4 0 _uhttps://fll.law.cu.edu.eg/fulltext/bks/B11-05480.pdf
905 _a60
942 _2ddc
_cBK
_e21
_n0
999 _c64093
_d64093